000 00283nam a22001337a 4500
008 170919b xxu||||| |||| 00| 0 eng d
020 _a9781585421466
041 _aeng
080 _a7
100 _a44
101 _aART
245 _aTHE ARTIST'S WAY
_cCAMERON,J
942 _2udc
_cBK
999 _c28149
_d28149